[Event "Milan Crespi op-C 33rd"]
[Site "Milan"]
[Date "2012.12.05"]
[Round "1"]
[White "Mauri, Agostino"]
[Black "Piras, Yari"]
[Result "1/2-1/2"]
[WhiteElo "1551"]
[BlackElo "1700"]
[PlyCount "41"]
[EventDate "2012.12.05"]
[EventType "swiss"]
[EventRounds "7"]
[EventCountry "ITA"]
[SourceTitle "EXT 2024"]
[Source "ChessBase"]
[SourceDate "2023.10.10"]
[SourceVersion "1"]
[SourceVersionDate "2023.10.10"]
[SourceQuality "1"]

1. d4 Nf6 2. c4 d6 3. Nc3 g6 4. e4 Bg7 5. f3 0-0 6. Be3 Nbd7 7. Nge2 c5 8. Nc1 b6 9. Be2 a6 10. 0-0 Qc7 11. dxc5 Nxc5 12. Nd3 Nfd7 13. Nd5 Qd8 14. Rb1 e6 15. Nc3 Nxd3 16. Bxd3 Qc7 17. Qd2 Re8 18. Rfc1 Bb7 19. b4 Rac8 20. Na4 Qd8 21. Qf2 1/2-1/2

[Event "Como Primavera op 7th"]
[Site "Como"]
[Date "2012.05.10"]
[Round "4"]
[White "Mauri, Agostino"]
[Black "Lipari, Alberto"]
[Result "1-0"]
[WhiteElo "1494"]
[BlackElo "1609"]
[PlyCount "100"]
[EventDate "2012.04.19"]
[EventType "swiss"]
[EventRounds "7"]
[EventCountry "ITA"]
[SourceTitle "EXT 2024"]
[Source "ChessBase"]
[SourceDate "2023.10.10"]
[SourceVersion "1"]
[SourceVersionDate "2023.10.10"]
[SourceQuality "1"]

1. d4 g6 2. c4 Bg7 3. Nc3 d6 4. Nf3 Nc6 5. e4 e5 6. d5 Nd4 7. Be3 Bg4 8. Be2 c5 9. Nd2 Bxe2 10. Nxe2 Bh6 11. Bxh6 Nxh6 12. 0-0 0-0 13. Nxd4 cxd4 14. b4 f5 15. h3 Rc8 16. Rc1 b6 17. Qb3 Qh4 18. Qd3 fxe4 19. Nxe4 Qe7 20. Rc2 Rc7 21. c5 Nf7 22. Rfc1 bxc5 23. bxc5 Rfc8 24. c6 Ng5 25. Rb2 Nxe4 26. Qxe4 Qg5 27. Rcb1 Qe7 28. a4 Rf8 29. g3 Qf7 30. Kg2 h5 31. h4 a5 32. f3 Qf6 33. Rb7 Rcf7 34. Rxf7 Rxf7 35. Rb7 Qg7 36. Qb1 Kh7 37. Rxf7 Qxf7 38. Qb7 Kg7 39. Qxf7+ Kxf7 40. c7 d3 41. c8Q d2 42. Qc2 d1Q 43. Qxd1 g5 44. hxg5 Kg6 45. Qc2+ Kxg5 46. Qc7 Kf6 47. Qxd6+ Kf7 48. Qxe5 h4 49. gxh4 Kg6 50. h5+ Kh7 1-0

[Event "Como Primavera op 7th"]
[Site "Como"]
[Date "2012.05.03"]
[Round "3"]
[White "Giaracuni, Claudio"]
[Black "Mauri, Agostino"]
[Result "1/2-1/2"]
[WhiteElo "1823"]
[BlackElo "1494"]
[PlyCount "48"]
[EventDate "2012.04.19"]
[EventType "swiss"]
[EventRounds "7"]
[EventCountry "ITA"]
[SourceTitle "EXT 2024"]
[Source "ChessBase"]
[SourceDate "2023.10.10"]
[SourceVersion "1"]
[SourceVersionDate "2023.10.10"]
[SourceQuality "1"]

1. Nf3 d5 2. d3 Nf6 3. Nbd2 Nbd7 4. g3 e5 5. Bg2 Bc5 6. 0-0 0-0 7. c3 c6 8. Qc2 Re8 9. Nb3 Bb6 10. Bg5 h6 11. Bxf6 Nxf6 12. e4 Qc7 13. Rad1 Be6 14. Rfe1 dxe4 15. dxe4 Rad8 16. h3 Nd7 17. Nh4 Nf8 18. c4 Qc8 19. Nf5 Rxd1 20. Rxd1 Bxf5 21. exf5 Nd7 22. c5 Bc7 23. Qd3 Nf6 24. g4 Qb8 1/2-1/2